000
00277nam a2200109Ia 4500
008
220204s9999 xx 000 0 und d
082
_a
910
_b
HAR
245
0
_a
Discovery and exploration
260
_a
London
_b
International Learning systems
700
_a
Harrison, B
942
_c
BK
999
_c
25285
_d
25285